000 01266cam a22003617a 4500
003 CHAP
005 20220329141834.0
008 971202d1997 mx a r 00110 spa d
010 _a74631
011 _a75603
035 _a85169
040 _cCHAP
090 _aTesis
100 0 0 _aSierra Palacios, Edgar del Carmen.
_9105862
245 1 0 _aCaracterización tecnológica de la industria productora de hongos comestibles en México
_c/por Edgar del Carmen Sierra Palacios
260 _aChapingo, Méx. :
_bEl autor,
_c1997.
300 _a183 h. :
_bilus. ; gráfs.
502 _aTesis (Ing. Agroindustrial) -- UACH. Departamento de Ingeniería Agroindustrial
590 _aALEPH
_b10
_c20130110
_lUCH01
_h1420
590 _aBATCH-UPD
_b10
_c20130110
_lUCH01
_h0626
590 _aBATCH-UPD
_b10
_c20130410
_lUCH01
_h0309
590 _aBATCH-UPD
_b10
_c20130914
_lUCH01
_h1620
590 _aCONVERSION
_b10
_c20130109
_lUCH01
_h1341
650 1 4 _aHongos comestibles.
_956124
650 1 4 _aHongos
_zMéxico.
_956122
650 1 4 _aPleurotus.
_989173
650 1 4 _aSetas.
_9105368
901 _aBK
905 _aAlejandra Carrasco M.
942 _cFOLL
949 _bBC
_cTES
_d33724000636361
_eTS2
_fc.2
_h31324
_i85169
_si
949 _bBC
_cTES
_d851691
_eTS1
_h31323
_i85169
_sb
999 _c74631
_d74631